Biblioteca

La lengua de los sabios. I Morfosintaxis / Miguel Pérez Fernández (Registro nro. 31810)

Detalles MARC
000 -LÍDER
Campo fijo de descripción fija 00831aam a2200289 i 4500
001 - NÚMERO DE CONTROL
Campo de control 273
003 - IDENTIFICADOR DEL NÚMERO DE CONTROL
Campo de control CO-MdBIC
005 - FECHA Y HORA DE LA ULTIMA TRANSACCIÓN
control field 20211016111413.0
008 - ELEMENTOS DE LONGITUD FIJA -- INFORMACIÓN GENERAL
Campo fijo de descripción fija -- Información general 211016t1992 sp ||||| |||| 00| 0 eng d
020 ## - NÚMERO INTERNACIONAL NORMALIZADO PARA LIBROS
Número Internacional Normalizado del libro 84-7151-841-4
040 ## - FUENTE DE CATALOGACIÓN
Idioma de catalogación spa.
Agencia de catalogación original CO-MdFUSB
Agencia que realiza la transcripción CO-MdFUSB
Agencia que realiza la modificación CO-MdFUSBC
Convenciones de la descripción rda
041 ## - CÓDIGO DE IDIOMA
Código de idioma para texto/pista de sonido o título separado spa
082 04 - NÚMERO DE CLASIFICACIÓN DECIMAL DEWEY
Número de clasificación R 492.4 P9449m
100 1# - ASIENTO PRINCIPAL--NOMBRE PERSONAL
Nombre personal Pérez Fernández, Miguel
245 10 - TÍTULO
Título del Material La lengua de los sabios. I Morfosintaxis / Miguel Pérez Fernández
Mención de responsabilidad, etc. /
260 ## - PUBLICACIÓN, DISTRIBUCIÓN, ETC. (PIE DE IMPRENTA)
Lugar de publicación, distribución, etc. Navarra, España : Verbo Divino
264 #1 - PRODUCCIÓN, PUBLICACIÓN, DISTRIBUCIÓN, MANUFACTURA, Y COPYRIGHT
Lugar de producción, publicación, distribución, manufactura Navarra, España :
Nombre del productor, publicador, distribuidor Verbo Divino,
Fecha de producción, publicación, distribución, manufactura, o copyright [1992]
264 #4 - PRODUCCIÓN, PUBLICACIÓN, DISTRIBUCIÓN, MANUFACTURA, Y COPYRIGHT
Fecha de producción, publicación, distribución, manufactura, o copyright © 1992
300 ## - DESCRIPCIÓN FÍSICA
Extensión 421 Pag.
Dimensiones ;
336 ## - TIPO DE CONTENIDO
Fuente rdacontent
Término de tipo de contenido texto
Código de tipo de contenido txt
337 ## - TIPO DE MEDIO
Fuente rdamedia
Nombre del tipo de medio sin mediación
Código del tipo de medio n
338 ## - TIPO DE SOPORTE
Fuente rdacarrier
Nombre del tipo de soporte volumen
Código Tipo de soporte nc
653 ## - TÉRMINO DE INDIZACIÓN - NO CONTROLADO
Término no controlado Judaísmo
653 ## - TÉRMINO DE INDIZACIÓN - NO CONTROLADO
Término no controlado Morfosintaxis
942 ## - TIPO DE MATERIAL (KOHA)
Tipo de Item KOHA Libros General
945 ## - INFORMACIÓN LOCAL DEL REGISTRO
Catalogador Estudiante
Existencias
Estado de Material Estado de Perdido Forma de Clasificación Estado de Dañado No para Préstamo Colección Biblioteca de Origen Biblioteca Permanente Fecha de Adquisición Total de Préstamos Signatura Topográfica Código de Barras Última vez visto Ejemplar/Existencia Fecha de Remplazo Tipo de Material
    Dewey Decimal Classification     Colección de Referencia Biblioteca FUSBC Biblioteca FUSBC 08/09/2004   R 296.1.4 P9449 v13 8601 12/12/2019 Vol.13,ej.1 26/01/2016 Libros de Referencia

Biblioteca FUSBC | Teléfono: (57+4) 349 88 10 Ext. 141| WhatsApp (+57) 3005338115 
E-mail: biblioteca@unisbc.edu.co | Calle 76 87-14 Robledo Palenque, Medellín, Colombia

Con tecnología Koha